01231nam a2200313Ia 4500001001200000003000800012006001900020007001500039008004100054010001700095020002800112040002100140035002000161050002300181082001800204245008700222260003500309300002500344490004100369504005100410533015200461650002500613650003400638655002900672700003100701710001700732830004200749856012600791ebr10051313CaPaEBRm u cr cn|||||||||000406s2000 nyua sb 001 0 eng d z 00038332  z0824703065 (alk. paper) aCaPaEBRcCaPaEBR a(OCoLC)4701125014aRL801b.D78 2000eb04a616.5/06122100aDrug therapy in dermatologyh[electronic resource] /cedited by Larry E. Millikan. aNew York :bM. Dekker,cc2000. axiii, 493 p. :bill.1 aBasic and clinical dermatology ;v18 aIncludes bibliographical references and index. aElectronic reproduction.bPalo Alto, Calif. :cebrary,d2009.nAvailable via World Wide Web.nAccess may be limited to ebrary affiliated libraries. 0aDermatopharmacology. 0aSkinxDiseasesxChemotherapy. 7aElectronic books.2local1 aMillikan, Larry E.,d1936-2 aebrary, Inc. 0aBasic and clinical dermatology ;v18.40uhttp://site.ebrary.com/lib/rucke/Doc?id=10051313zAn electronic book accessible through the World Wide Web; click to view